Logo Biblioteca

Ojos de perro azul / (Registro nro. 892)

Detalles MARC
000 -LEADER
fixed length control field 02023nam a22002657a 4500
003 - CONTROL NUMBER IDENTIFIER
control field AR-RoUNCS
005 - DATE AND TIME OF LATEST TRANSACTION
control field 20260209145534.0
007 - PHYSICAL DESCRIPTION FIXED FIELD--GENERAL INFORMATION
fixed length control field ta
008 - FIXED-LENGTH DATA ELEMENTS--GENERAL INFORMATION
fixed length control field 060227s1998 ag gr 00 j spa
015 ## - NATIONAL BIBLIOGRAPHY NUMBER
National bibliography number AR-1998
020 ## - INTERNATIONAL STANDARD BOOK NUMBER
International Standard Book Number 950-07-0088-3
040 ## - CATALOGING SOURCE
Original cataloging agency AR-BaBN
Language of cataloging spa
Transcribing agency AR-RoUNCS
Description conventions aacr
044 ## - COUNTRY OF PUBLISHING/PRODUCING ENTITY CODE
MARC country code ag
ISO country code ar-c
080 1# - UNIVERSAL DECIMAL CLASSIFICATION NUMBER
Universal Decimal Classification number 82-34(862)
Edition identifier 2016
100 1# - MAIN ENTRY--PERSONAL NAME
Personal name García Márquez, Gabriel,
Dates associated with a name 1927-2014
Relator term autor
Relationship aut
245 10 - TITLE STATEMENT
Title Ojos de perro azul /
Statement of responsibility, etc. Gabriel García Márquez.
250 ## - EDITION STATEMENT
Edition statement 14a ed.
260 ## - PUBLICATION, DISTRIBUTION, ETC.
Place of publication, distribution, etc. Buenos Aires :
Name of publisher, distributor, etc. Sudamericana,
Date of publication, distribution, etc. 1998.
300 ## - PHYSICAL DESCRIPTION
Extent 181 p. ;
Other physical details 20 cm.
505 00 - FORMATTED CONTENTS NOTE
Title La tercera resignación -- La otra costilla de la muerte -- Eva está dentro de su gato -- Amargura para tres sonámbulos -- Diálogo del espejo -- Ojos de perro azul -- La mujer que llegaba a las sies -- Nabo, el negro que hizo esperar a los ángeles -- Alguien desordena estas rosas -- La noche de los alcaravanes.
520 3# - SUMMARY, ETC.
Summary, etc. Estos relatos tempranos de Gabriel García Márquez fueron escritos y publicados entre 1947 y 1955, aunque, como libro, Ojos de perro azul no aparecería hasta 1974 cuando el escritor ya había publicado otros dos libros de relatos y cuatro novelas, de las que la última, "Cien años de soledad", le proporcionaría su primer gran éxito internacional. <br/><br/>En este libro se incluye su primer cuento célebre, el "Monólogo de Isabel viendo llover en Macondo", escenario de sus obras posteriores. El personaje de Isabel reaparecerá en su primera novela, y el tema de la lluvia cayendo interminablemente, en su personal versión del diluvio universal, acabaría integrándose suave y flexiblemente en "Cien años de soledad". Este relato, incluido en todas las antologías del cuento latinoamericano de nuestros días, fue la primera piedra de ese gigantesco edificio, tan imaginario como real, que terminaría fundando el espacio literario más poderoso de las letras universales de nuestro tiempo: Macondo.
650 #7 - SUBJECT ADDED ENTRY--TOPICAL TERM
Source of heading or term embne
Topical term or geographic name entry element Literatura colombiana
655 #4 - INDEX TERM--GENRE/FORM
Genre/form data or focus term Cuentos
942 ## - ADDED ENTRY ELEMENTS (KOHA)
Source of classification or shelving scheme Universal Decimal Classification
Koha item type Libro de préstamo a domicilio
Suppress in OPAC No
Existencias
Withdrawn status Lost status Source of classification or shelving scheme Damaged status Not for loan Collection Home library Current library Date acquired Source of acquisition Total checkouts Full call number Barcode Date last seen Price effective from Koha item type
    Universal Decimal Classification     Colección General Biblioteca Escuela de Ciencias Sociales Biblioteca Escuela de Ciencias Sociales 09/02/2026 Donación 2023   82-34(862) G216 000213 09/02/2026 09/02/2026 Libro de préstamo a domicilio
Biblioteca de la Escuela Preuniversitaria en Ciencias Sociales y Humanísticas.
Riobamba 250 bis.
CP 2000 - Rosario - Santa Fe
E-Mail: biblioteca@esociales.unr.edu.ar